C-band gain-clamping EDFA by passive reflection form multiple FBG'S /
Saved in:
| Main Author: | |
|---|---|
| Format: | Thesis |
| Language: | English |
| Published: |
Kuala Lumpur :
University Malaya,
2005
|
| Subjects: | |
| Tags: |
Add Tag
No Tags, Be the first to tag this record!
|
| LEADER | 011860000a22003250004500 | ||
|---|---|---|---|
| 001 | 348375 | ||
| 005 | 20230419095928.0 | ||
| 008 | 060504t2005 my a g 000 0 eng d | ||
| 035 | |a (Sirsi) 348375 | ||
| 040 | |a UIAM |b eng |e rda | ||
| 050 | 0 | |a TA1677 | |
| 100 | 1 | |a Haoken, Huoermaiti, |e author |9 87204 | |
| 245 | 1 | 0 | |a C-band gain-clamping EDFA by passive reflection form multiple FBG'S / |c by Hueoermaiti |
| 264 | 1 | |a Kuala Lumpur : |b University Malaya, |c 2005 | |
| 300 | |a viii, 130 leaves : |b illustrations ; |c 30 cm. | ||
| 336 | |2 rdacontent |a text | ||
| 337 | |2 rdamedia |a unmediated | ||
| 338 | |2 rdacarrier |a volume | ||
| 500 | |a Abstracts in English and Malay. | ||
| 502 | |a Thesis (M.Sc.)--University Malaya, 2005. | ||
| 504 | |a Includes bibliographical references (leaves 116-117). | ||
| 650 | 0 | |a Lasers |9 50353 | |
| 650 | 0 | |a Optical amplifiers |9 7406 | |
| 650 | 0 | |a Optical fibers |9 87208 | |
| 655 | 0 | 7 | |a Theses, non-IIUM |9 5559 |
| 710 | 2 | |a Universiti Malaya |9 42166 | |
| 900 | |a hj-a jt | ||
| 942 | |2 lcc |n 0 | ||
| 999 | |c 433619 |d 465203 | ||
| 952 | |0 0 |6 T TA 001677 H252C 2005 |7 0 |8 THESES |9 755395 |a IIUM |b IIUM |c MULTIMEDIA |g 0.00 |o t TA 1677 H252C 2005 |p 00001043090 |r 2017-10-20 |t 1 |v 0.00 |y THESIS | ||
